01108cam a2200289 a 450000100100000000500170001000800410002702000140006804000230008204100380010508200180014310000320016124000410019324500780023424600850031226000410039730000210043849000180045953400490047765000310052665000350055770000300059283000260062291000340064895201210068299900150080300000364220200929150520.0731130s1979 sp 000 f spa  z842700493 aDO-SdBNPcDLCdDLC17aSpahEng2Código de idioma MARC a813.54bK641m1 aKlein, Norma,d1938-91117310aGive me one good reason.lEspañol.13aUn marido :b¿para qué? /cNorman klein ; traducción de Jordi Fibla.10aUn marido ¿para qué?: una joven quiere ser madre sin renunciar a ser soltera. aBarcelona :bMartínez Roca,c1979. a226 p. ;c20 cm.1 aNueva Fontana aTítulo original:tGive me one good reason. 4aNovela estadounidense9262 4aLiteratura estadounidense92631 aFibla, Jordi,etr.911174 0aNueva Fontana.911175 aCatalogación por copia / LC 001052708MOaGRbGRcCTd2009-07-11iLF1l0o813.54 K641mp3642-10r2020-06-25w2020-06-25y2ZPréstamo interno c3465d3465